Serious delinquency among adolescents: openness, social capital, and Durkheim's types of suicide

Guardado en:  
Detalles Bibliográficos
Autor principal: Mangino, William (Autor)
Tipo de documento: Print Libro
Lenguaje:Inglés
Publicado: 2005
En:Año: 2005
Verificar disponibilidad: HBZ Gateway
Servicio de pedido Subito: Pedir ahora.
Palabras clave:

MARC

LEADER 00000cam a2200000 c 4500
001 1327219506
003 DE-627
005 20220526114517.0
007 tu
008 060921s2005 xx ||||| m 00| ||eng c
024 8 |a 3194686  |q Order no. 
035 |a (DE-627)1327219506 
035 |a (DE-576)257219501 
035 |a (DE-599)BSZ257219501 
040 |a DE-627  |b ger  |c DE-627  |e rakwb 
041 |a eng 
100 1 |a Mangino, William  |4 aut 
245 1 0 |a Serious delinquency among adolescents  |b openness, social capital, and Durkheim's types of suicide  |c by William Mangino 
264 1 |c 2005 
300 |a 232 S.. 
336 |a Text  |b txt  |2 rdacontent 
337 |a ohne Hilfsmittel zu benutzen  |b n  |2 rdamedia 
338 |a Band  |b nc  |2 rdacarrier 
502 |a Yale Univ., Diss., 2005 
583 1 |a Archivierung prüfen  |c 20200919  |f DE-640  |z 1  |2 pdager 
655 7 |a Hochschulschrift  |0 (DE-588)4113937-9  |0 (DE-627)105825778  |0 (DE-576)209480580  |2 gnd-content 
751 |a New Haven, Conn.  |0 (DE-588)4117854-3  |0 (DE-627)105795984  |0 (DE-576)209513500  |4 uvp 
935 |a mkri 
951 |a BO 
ELC |b 1 
LOK |0 000 xxxxxcx a22 zn 4500 
LOK |0 001 2516571062 
LOK |0 003 DE-627 
LOK |0 004 1327219506 
LOK |0 005 20060921161243 
LOK |0 008 060921||||||||||||||||ger||||||| 
LOK |0 040   |a DE-Frei85  |c DE-627  |d DE-Frei85 
LOK |0 852   |z Kopie, erschienen im Verlag Univ. Microfilms Internat., Ann Arbor, 2006 
LOK |0 852   |a DE-Frei85 
LOK |0 852 1  |m p  |9 00 
LOK |0 938   |k p 
LOK |0 939   |a 21-09-06  |b l01 
ORI |a SA-MARC-krimdoka001.raw